000 00642cam a2200241 4500
001 L155575
008 000000n1987 000 0 eng u
020 _a0900417188
035 _a(Sirsi) u155575
041 _aeng
050 _a692.5
245 _aGriffiths complete building price book 1987/8
250 _a34th ed.
260 _aBournemouth
_bGlenigan Cost Information Services
_c1987
300 _a728p
350 _a85
650 _aBUILT ENVIRONMENT-BUILDING COSTS
650 _aESTIMATING
650 _aBUILDING PRICE BOOKS
651 4 _aENGLAND AND WALES
690 _aBUILT ENVIRONMENT-BUILDING COSTS
942 _n0
999 _c113673
_d113673